000
00335nam a2200133Ia 4500
008
240624s9999 xx 000 0 und d
041
_a
eng
082
_a
658.8 BER
100
_a
BERGEVIN REAL
245
_a
CALL CENTERS FOR DUMMIES
260
_c
2007
_a
New Delhi
_b
John Wiley & Sons
300
_a
362 : p. : cm. ; 24
365
_c
RS
_b
20
999
_c
12232
_d
12232